| 000 | 00447nam a2200181Ia 4500 | ||
|---|---|---|---|
| 005 | 20240823010143.0 | ||
| 008 | 240823s9999||||xx |||||||||||||| ||und|| | ||
| 041 | _aENGLISH | ||
| 082 | _A005.133 N8 | ||
| 100 | _a"Linz,Peter" | ||
| 245 | 3 | _aAn Introduction to Formal Languages and Automata | |
| 250 | _a2nd | ||
| 260 |
_c1998 _b"Narosa,New Delhi" |
||
| 500 | _aYES | ||
| 650 |
_aLanguage _bComputer Science |
||
| 942 | _cBK | ||
| 999 |
_c157800 _d157800 |
||